书目信息 |
| 题名: |
元鲜于枢书苏轼海棠诗
|
|
| 作者: | 鲜于枢 书 ;《历代碑帖法书选》编辑组 编 | |
| 分册: | ||
| 出版信息: | 北京 文物出版社 1984 |
|
| 页数: | 1册 | |
| 开本: | 25cm | |
| 丛书名: | 历代碑帖法书选 | |
| 单 册: | ||
| 中图分类: | J292.25 | |
| 科图分类: | ||
| 主题词: | 草书-碑帖--中国--元代 , 碑帖-草书--中国--元代 | |
| 电子资源: | ||
| ISBN: | ||
| 000 | 00869nam2 2200289 45 | |
| 001 | 0184004499 | |
| 005 | 20040520111206.2 | |
| 010 | @dCNY0.34 | |
| 091 | @a8068.1328 | |
| 100 | @a19950309d1984 em y0chiy0121 ea | |
| 101 | 0 | @achi |
| 102 | @aCN@b110000 | |
| 105 | @ay z 000yy | |
| 106 | @ar | |
| 200 | 10 | @a元鲜于枢书苏轼海棠诗@Ayuan xian yu shu shu su shi hai tang shi@f(元)鲜于枢,《历代碑帖法书选》编辑组 |
| 210 | @a北京@c文物出版社@d1984 | |
| 215 | @a1册@d25cm | |
| 225 | 2 | @a历代碑帖法书选 |
| 410 | 0 | @120010@a历代碑帖法书选 |
| 606 | @a草书-碑帖@y中国@z元代 | |
| 606 | @a碑帖-草书@y中国@z元代 | |
| 690 | @aJ292.25@v3 | |
| 701 | 0 | @a鲜于枢@Axian yu shu@4书 |
| 711 | 02 | @a《历代碑帖法书选》编辑组@Ali dai bei tie fa shu xuan bian ji zu@4编 |
| 801 | 0 | @aCN@b上海图书馆@c20040520 |
| 801 | 2 | @aCN@bNLC@c20040520 |
| 905 | @f1@b207935@dJ292.25@e176 | |
| 元鲜于枢书苏轼海棠诗/(元)鲜于枢,《历代碑帖法书选》编辑组.-北京:文物出版社,1984 |
| 1册;25cm.-(历代碑帖法书选) |
| ISBN :CNY0.34 |
| ● |
| 相关链接 |
|
|
|
|
正题名:元鲜于枢书苏轼海棠诗
索取号:J292.25/176
 
预约/预借
| 序号 | 登录号 | 条形码 | 馆藏地/架位号 | 状态 | 备注 |
| 1 | 0207935 | 001207517 | 第一借阅区/ [索取号:J292.25/176] | 在馆 | |
| 2 | 0207936 | 001207651 | 第一样本阅览室/ [索取号:J292.25/176] | 在馆 |